Biología molecular de la célula
Gorde:
| Egile nagusia: | |
|---|---|
| Beste egile batzuk: | , , , , |
| Formatua: | Liburua |
| Hizkuntza: | gaztelania |
| Argitaratua: |
Barcelona
Ediciones Omega
2010
|
| Edizioa: | Quinta edición |
| Gaiak: | |
| Sarrera elektronikoa: | Disponible Online |
| Etiketak: |
Etiketa erantsi
Etiketarik gabe, Izan zaitez lehena erregistro honi etiketa jartzen!
|
MARC
| LEADER | 00000cam a2200000 a 4500 | ||
|---|---|---|---|
| 001 | UCG9030 | ||
| 003 | CL-VaPUC | ||
| 005 | 20231116155100.0 | ||
| 008 | 120120e20100000SP |||||||||||||||||spa|d | ||
| 999 | |c 346615 |d 346613 | ||
| 020 | |a 9788428215077 | ||
| 040 | |c Pontificia Universidad Católica de Valparaíso | ||
| 082 | 0 | 4 | |a 571.6 ALB 2010 |2 21 |
| 100 | 0 | |a Alberts, Bruce |9 60 |e autor | |
| 245 | 1 | 0 | |a Biología molecular de la célula |
| 250 | |a Quinta edición | ||
| 260 | |a Barcelona |b Ediciones Omega |c 2010 | ||
| 300 | |a 1602 páginas | ||
| 500 | |a Incluye DVD | ||
| 583 | |c 20231116 | ||
| 650 | 0 | |a Biología molecular |9 269677 | |
| 650 | 0 | |a Célula |9 269678 |x Ciclo celular | |
| 650 | 0 | |a Patógenos |9 261432 |x Infección |x Sistema inmunitario | |
| 700 | 0 | |a Johnson, Alexander |9 560377 |e autor | |
| 700 | |a Lewis, Julian |e autor |9 599840 | ||
| 700 | 0 | |a Raff, Martin |9 560379 |e autor | |
| 700 | 0 | |a Roberts, Keith |9 560380 |e autor | |
| 700 | 0 | |a Walter, Peter |9 560381 |e autor | |
| 856 | 4 | |u http://bibliografiaobligatoria.pucv.cl.pucv.idm.oclc.org/index.php/bibliotecapucv/catalog/book/90 |y Disponible Online | |
| 942 | |c BK |2 ddc |n 0 | ||
| 945 | |d 20120120 00:00:00 |a cmena | ||
| 952 | |0 0 |1 0 |2 ddc |4 0 |6 571_600000000000000_ALB_2010 |7 0 |8 A |9 447394 |a BIBCUR |b BIBCUR |d 2019-11-22 |i 484114K |l 12 |m 2 |o 571.6 ALB 2010 |p 484114K |r 2025-04-22 |s 2023-10-16 |t 2 |w 2019-11-22 |y BK |k BIO | ||
| 952 | |0 0 |1 0 |2 ddc |3 erd |4 0 |6 571_600000000000000_ALB_2010 |7 0 |8 R |9 447396 |a BIBAGR |b BIBAGR |i 5072239 |o 571.6 ALB 2010 |p 5072239 |r 2025-01-20 |t 4 |w 2019-11-22 |y BK_R |z Catalogado en:20140502 |k AGR | ||
| 952 | |0 0 |1 0 |2 ddc |3 erd |4 0 |6 571_600000000000000_ALB_2010 |7 0 |8 R |9 447397 |a BIBAGR |b BIBAGR |i 5072247 |l 2 |o 571.6 ALB 2010 |p 5072247 |r 2025-01-20 |s 2024-11-22 |t 5 |w 2019-11-22 |y BK_R |z Catalogado en:20140502 |k AGR | ||
| 952 | |0 0 |1 0 |2 ddc |3 erd |4 0 |6 571_600000000000000_ALB_2010 |7 0 |8 R |9 447398 |a BIBAGR |b BIBAGR |i 5072255 |o 571.6 ALB 2010 |p 5072255 |r 2025-01-20 |t 6 |w 2019-11-22 |y BK_R |z Catalogado en:20140502 |k AGR | ||
| 952 | |0 0 |1 0 |2 ddc |3 erd |4 0 |6 571_600000000000000_ALB_2010 |7 0 |8 R |9 447399 |a BIBAGR |b BIBAGR |i 5072263 |l 1 |o 571.6 ALB 2010 |p 5072263 |r 2025-01-20 |s 2020-03-17 |t 7 |w 2019-11-22 |y BK_R |z Catalogado en:20140502 |k AGR | ||
| 952 | |0 0 |1 0 |2 ddc |3 erd |4 0 |6 571_600000000000000_ALB_2010 |7 0 |8 R |9 447400 |a BIBAGR |b BIBAGR |i 5072271 |o 571.6 ALB 2010 |p 5072271 |r 2025-01-20 |t 8 |w 2019-11-22 |y BK_R |z Catalogado en:20140502 |k AGR | ||
| 952 | |0 0 |1 0 |2 ddc |3 erd |4 0 |6 571_600000000000000_ALB_2010 |7 0 |8 R |9 447401 |a BIBAGR |b BIBAGR |i 507228K |l 4 |o 571.6 ALB 2010 |p 507228K |r 2025-01-20 |s 2021-10-15 |t 9 |w 2019-11-22 |y BK_R |z Catalogado en:20140502 |k AGR | ||
| 952 | |0 0 |1 0 |2 ddc |4 0 |6 571_600000000000000_ALB_2010 |7 0 |8 A |9 592533 |a BIBCUR |b BIBCUR |c GEN |d 2023-11-16 |e 3 |g 213957.00 |i 5659560 |l 1 |o 571.6 ALB 2010 |p 5659560 |r 2025-04-22 |s 2025-03-17 |t 12 |v 213957.00 |w 2023-11-16 |y BK |k BIO | ||
| 952 | |0 0 |1 0 |2 ddc |4 0 |6 571_600000000000000_ALB_2010 |7 0 |8 A |9 592534 |a BIBCUR |b BIBCUR |c GEN |d 2023-11-16 |e 3 |g 213957.00 |i 5659559 |l 2 |o 571.6 ALB 2010 |p 5659559 |r 2025-04-22 |s 2025-04-09 |t 11 |v 213957.00 |w 2023-11-16 |y BK |k BIO | ||
| 952 | |0 0 |1 0 |2 ddc |4 0 |6 571_600000000000000_ALB_2010 |7 0 |8 A |9 592535 |a BIBCUR |b BIBCUR |c GEN |d 2023-11-16 |e 3 |g 213957.00 |i 5659558 |l 9 |o 571.6 ALB 2010 |p 5659558 |r 2025-04-22 |s 2025-04-14 |t 10 |v 213957.00 |w 2023-11-16 |y BK |k BIO | ||